Odvěkou cestou : zkoumání běloruského světového názoru /

Hlavní autor: Kančèŭskì, Ìhnat Uladzìmìravìč, 1896-1923
Další autoři: Tomek, Miroslav, 1984-
Jazyk: Čeština
Vydáno: Červený Kostelec : Pavel Mervart, 2021
Témata:
Fyzický popis: 99 stran ; 21 cm
Knihy
Uloženo v:
LEADER 02155cam a2200577 i 4500
001 nkc20223408408
003 CZ PrNK
005 20220803105918.0
007 ta
008 220315s2021 xr f 000 e czeod
015 |a cnb003408408 
020 |a 978-80-7465-506-7  |q (brožováno) 
035 |a (OCoLC)1357138554 
040 |a KLG001  |b cze  |d OLA001  |e rda 
041 1 |a cze  |h bel 
043 |a e-bw--- 
045 |a x-x- 
072 7 |a 14  |x Filozofické systémy a hlediska  |2 Konspekt  |9 5 
080 |a 14(476)  |2 MRF 
080 |a 140.8  |2 MRF 
080 |a 32:1  |2 MRF 
080 |a 141.7  |2 MRF 
080 |a (476)  |2 MRF 
080 |a (0:82-4)  |2 MRF 
100 1 |a Kančèŭskì, Ìhnat Uladzìmìravìč,  |d 1896-1923  |7 xx0270814  |4 aut 
240 1 0 |a Advečnym šljacham.  |l Česky 
245 1 0 |a Odvěkou cestou :  |b zkoumání běloruského světového názoru /  |c Ihnat Abdziralovič ; z běloruského originálu Advečnym šljacham ... přeložil Miroslav Tomek 
264 1 |a Červený Kostelec :  |b Pavel Mervart,  |c 2021 
300 |a 99 stran ;  |c 21 cm 
336 |a text  |b txt  |2 rdacontent 
337 |a bez média  |b n  |2 rdamedia 
338 |a svazek  |b nc  |2 rdacarrier 
504 |a Obsahuje bibliografické odkazy 
648 7 |a 20. století  |7 ch460558  |2 czenas 
650 0 7 |a běloruská filozofie  |7 ph559562  |y 20. století  |2 czenas 
650 0 7 |a světový názor  |7 ph126340  |z Bělorusko  |2 czenas 
650 0 7 |a politická filozofie  |7 ph115786  |z Bělorusko  |y 20. století  |2 czenas 
650 0 7 |a sociální filozofie  |7 ph125785  |z Bělorusko  |y 20. století  |2 czenas 
650 0 9 |a Belarusian philosophy  |y 20th century  |2 eczenas 
650 0 9 |a world view  |z Belarus  |2 eczenas 
650 0 9 |a political philosophy  |z Belarus  |y 20th century  |2 eczenas 
650 0 9 |a social philosophy  |z Belarus  |y 20th century  |2 eczenas 
655 7 |a eseje  |7 fd132213  |2 czenas 
655 9 |a essays  |2 eczenas 
700 1 |a Tomek, Miroslav,  |d 1984-  |7 jo2008415994  |4 trl 
910 2 |a BOA001  |b 2-1488.485 
920 |a 1372415  |z KLG001 
990 |a BK 
995 |a 01 
991 |b 202207  |c NOV 
996 6 |b 2610907799  |c 2-1488.485  |l MZK  |r Sklad / do 1 hodiny  |n 1  |p p.v.  |w 001892287  |u 000010  |a 1  |e BOA001  |j MZK50  |s P